The new human rights movement (Record no. 6481)

MARC details
000 -LEADER
fixed length control field 01083nam a2200169Ia 4500
005 - DATE AND TIME OF LATEST TRANSACTION
control field 20250117103824.0
008 - FIXED-LENGTH DATA ELEMENTS--GENERAL INFORMATION
fixed length control field 250117s9999 xx 000 0 und d
020 ## - INTERNATIONAL STANDARD BOOK NUMBER
International Standard Book Number 9781946885142
082 ## - DEWEY DECIMAL CLASSIFICATION NUMBER
Classification number 330JOS
100 ## - MAIN ENTRY--PERSONAL NAME
Personal name Peter, Joseph.
245 #4 - TITLE STATEMENT
Title The new human rights movement
Remainder of title reinventing the economy to end oppression
260 ## - PUBLICATION, DISTRIBUTION, ETC.
Place of publication, distribution, etc. Dallas
Name of publisher, distributor, etc. BenBella Books
Date of publication, distribution, etc. 2017
300 ## - PHYSICAL DESCRIPTION
Extent xxi, 423p. : ill. ; 23 cm
500 ## - GENERAL NOTE
General note Includes bibliographical references.
520 ## - SUMMARY, ETC.
Summary, etc. In our interconnected world, self-interest and social-interest are rapidly becoming indistinguishable. If current negative trajectories remain, including growing climate destabilization, biodiversity loss, and economic inequality, an impending future of ecological collapse and societal destabilization will make ?personal success? virtually meaningless. Yet our broken social system incentivizes behavior that will only make our problems worse. If true human rights progress is to be achieved today, it is time we dig deeper?rethinking the very foundation of our social system.
650 ## - SUBJECT ADDED ENTRY--TOPICAL TERM
Topical term or geographic name entry element Human rights movements.
Holdings
Withdrawn status Lost status Damaged status Not for loan Home library Current library Date acquired Total checkouts Full call number Barcode Date last seen Price effective from Koha item type
        UONGOZI Institute Resources Centre - Dar es Salaam UONGOZI Institute Resources Centre - Dar es Salaam 01/17/2025   330JOS 005674 01/31/2025 01/17/2025 Book